<?xml version="1.0" encoding="UTF-8"?>
<record
    xmlns:xsi="http://www.w3.org/2001/XMLSchema-instance"
    xsi:schemaLocation="http://www.loc.gov/MARC21/slim http://www.loc.gov/standards/marcxml/schema/MARC21slim.xsd"
    xmlns="http://www.loc.gov/MARC21/slim">

  <leader>00659nam a22001937a 4500</leader>
  <datafield tag="999" ind1=" " ind2=" ">
    <subfield code="c">189883</subfield>
    <subfield code="d">189883</subfield>
  </datafield>
  <controlfield tag="005">20220714114532.0</controlfield>
  <datafield tag="010" ind1=" " ind2=" ">
    <subfield code="a">UR-11648</subfield>
  </datafield>
  <datafield tag="020" ind1=" " ind2=" ">
    <subfield code="a">9789393785251</subfield>
    <subfield code="c">324.00</subfield>
  </datafield>
  <datafield tag="035" ind1=" " ind2=" ">
    <subfield code="a">U-10203</subfield>
  </datafield>
  <datafield tag="037" ind1=" " ind2=" ">
    <subfield code="b">DBAD/PUB</subfield>
    <subfield code="a">-</subfield>
  </datafield>
  <datafield tag="082" ind1=" " ind2=" ">
    <subfield code="a">841</subfield>
  </datafield>
  <datafield tag="100" ind1=" " ind2=" ">
    <subfield code="a">&#x631;&#x636;&#x648;&#x627;&#x646; &#x646;&#x62F; &#x648;&#x6CC;</subfield>
  </datafield>
  <datafield tag="245" ind1=" " ind2=" ">
    <subfield code="a">&#x62F;&#x6CC;&#x648;&#x627;&#x646; &#x63A;&#x627;&#x644;&#x628; &#x6A9;&#x627; &#x639;&#x631;&#x648;&#x636;&#x6CC; &#x645;&#x637;&#x627;&#x644;&#x639;&#x6C1; /</subfield>
    <subfield code="c">&#x631;&#x636;&#x648;&#x627;&#x646; &#x646;&#x62F; &#x648;&#x6CC;</subfield>
    <subfield code="h">&#x627; &#x631; &#x62F; &#x648;</subfield>
  </datafield>
  <datafield tag="246" ind1=" " ind2=" ">
    <subfield code="a">Deewan-E-Ghalib ka Aroozi Mutalaa /</subfield>
    <subfield code="b">by Rizwan Nadvi</subfield>
  </datafield>
  <datafield tag="260" ind1=" " ind2=" ">
    <subfield code="a">New Delhi</subfield>
    <subfield code="b">Educational Publishing House</subfield>
    <subfield code="c">2022 &#x621;  </subfield>
  </datafield>
  <datafield tag="270" ind1=" " ind2=" ">
    <subfield code="a">H.o. D1/16, Ansari Road, Daryaganj</subfield>
    <subfield code="b">New Delhi</subfield>
    <subfield code="e">110002</subfield>
  </datafield>
  <datafield tag="300" ind1=" " ind2=" ">
    <subfield code="a">560 &#x635;</subfield>
    <subfield code="c">23cm(Hb)</subfield>
  </datafield>
  <datafield tag="942" ind1=" " ind2=" ">
    <subfield code="2">ddc</subfield>
    <subfield code="c">UR</subfield>
    <subfield code="h">841</subfield>
    <subfield code="m">&#x631; &#x636; &#x648;</subfield>
  </datafield>
  <datafield tag="952" ind1=" " ind2=" ">
    <subfield code="0">0</subfield>
    <subfield code="1">0</subfield>
    <subfield code="4">0</subfield>
    <subfield code="7">0</subfield>
    <subfield code="8">NFIC</subfield>
    <subfield code="a">L</subfield>
    <subfield code="b">L</subfield>
    <subfield code="d">2022-07-14</subfield>
    <subfield code="e">DBAD/PUB</subfield>
    <subfield code="g">324.00</subfield>
    <subfield code="l">3</subfield>
    <subfield code="m">1</subfield>
    <subfield code="o">841 &#x631; &#x636; &#x648;</subfield>
    <subfield code="p">U-10203</subfield>
    <subfield code="r">2025-07-29 00:00:00</subfield>
    <subfield code="s">2025-07-08</subfield>
    <subfield code="t">1</subfield>
    <subfield code="v">324.00</subfield>
    <subfield code="w">2022-07-14</subfield>
    <subfield code="y">UR</subfield>
  </datafield>
</record>
